=LDR 00000nam 2200000 4500 =001 INLIS000000000027572 =005 20130612125932 =008 ***********************************ind** =035 ##$$0010-061300000027572 =041 ##$$a ind =082 ##$$a 153 =090 ##$$a 153, Ram p =100 ##$$a Ramly,Amir Tengku =245 ##$$a Pendamping talent memahami diri,memompa bakat, Amir tengku Ramly;Penyunting,Andiek =260 ##$$a 2006 $b Jakarta =300 ##$$a vi,94 hlm, ilus, 23 cm =650 ##$$a Kecerdasan =700 ##$$a Andiek =850 ##$$a NBPNMAT